[Event "SWE-chT 2223 Elite"]
[Site "Sweden"]
[Date "2023.03.11"]
[Round "8.3"]
[White "Jonsson, Mikael"]
[Black "Mauritsson, Sebastian"]
[Result "0-1"]
[WhiteElo "2209"]
[BlackElo "2383"]
[PlyCount "88"]
[EventDate "2022.10.14"]
[EventType "team-tourn"]
[EventRounds "9"]
[EventCountry "SWE"]
[SourceTitle "CBM 213 Extra"]
[Source "ChessBase"]
[SourceDate "2023.05.31"]
[SourceVersion "1"]
[SourceVersionDate "2023.05.31"]
[SourceQuality "1"]
[WhiteTeam "Vasteras"]
[BlackTeam "Lunds"]
[WhiteTeamCountry "SWE"]
[BlackTeamCountry "SWE"]

1. e4 c5 2. Nf3 d6 3. d4 cxd4 4. Nxd4 Nf6 5. Nc3 a6 6. Bg5 Nbd7 7. Bc4 Qb6 8. Bb3 e6 9. Qd2 Be7 10. 0-0-0 Nc5 11. f3 Bd7 12. g4 Qc7 13. h4 b5 14. Bxf6 gxf6 15. Bd5 Rb8 16. a3 a5 17. b4 axb4 18. axb4 Na6 19. Bb3 Nxb4 20. Nd5 Nxd5 21. exd5 e5 22. Nc6 Ra8 23. Kb2 Bd8 24. Ra1 Rxa1 25. Rxa1 Bxc6 26. dxc6 Qxc6 27. Ra7 0-0 28. Qd5 Qxd5 29. Bxd5 f5 30. h5 fxg4 31. fxg4 Kg7 32. Rd7 Kf6 33. Rxd6+ Kg5 34. Rd7 Kxg4 35. Bxf7 e4 36. Kc3 Kf3 37. Bd5 h6 38. Rd6 Bf6+ 39. Kd2 b4 40. Kd1 Bc3 41. Rd7 Ke3 42. Rf7 Rd8 43. Rf5 Rd6 44. Kc1 Ra6 0-1

[Event "SWE-chT 2223 Elite"]
[Site "Sweden"]
[Date "2023.01.20"]
[Round "6.2"]
[White "Mauritsson, Sebastian"]
[Black "Ziegler, Ari"]
[Result "0-1"]
[WhiteElo "2383"]
[BlackElo "2311"]
[PlyCount "72"]
[EventDate "2022.10.14"]
[EventType "team-tourn"]
[EventRounds "9"]
[EventCountry "SWE"]
[SourceTitle "CBM 213 Extra"]
[Source "ChessBase"]
[SourceDate "2023.05.31"]
[SourceVersion "1"]
[SourceVersionDate "2023.05.31"]
[SourceQuality "1"]
[WhiteTeam "Lunds"]
[BlackTeam "Limhamn"]
[WhiteTeamCountry "SWE"]
[BlackTeamCountry "SWE"]

1. e4 d6 2. d4 g6 3. Nc3 Bg7 4. Be3 c6 5. Qd2 b5 6. a4 b4 7. Nce2 a5 8. Ng3 h5 9. Bd3 Ba6 10. Nf3 c5 11. c3 cxd4 12. cxd4 h4 13. Ne2 h3 14. g3 Nf6 15. Ng5 Ng4 16. Bf4 e5 17. dxe5 dxe5 18. Bxa6 Nxa6 19. Be3 Bh6 20. Rd1 0-0 21. f4 Qxd2+ 22. Bxd2 Bxg5 23. fxg5 Nc5 24. Nc1 Nxe4 25. Nd3 Rfd8 26. Ke2 Rd5 27. Be3 Rad8 28. Bb6 Rxd3 29. Rxd3 Rxd3 30. Kxd3 Nef2+ 31. Kc4 Nxh1 32. Bxa5 Nxh2 33. Bb6 Nxg3 34. a5 Nf3 35. a6 h2 36. a7 Nd2+ 0-1

[Event "SWE-chT 2122 Elite"]
[Site "Sweden"]
[Date "2022.04.09"]
[Round "6"]
[White "Mauritsson, Sebastian"]
[Black "Jepson, Christian"]
[Result "1/2-1/2"]
[WhiteElo "2390"]
[BlackElo "2402"]
[PlyCount "56"]
[EventDate "2021.12.03"]
[EventType "team-tourn"]
[EventRounds "9"]
[EventCountry "SWE"]
[SourceTitle "EXT 2024"]
[Source "ChessBase"]
[SourceDate "2023.10.10"]
[SourceVersion "1"]
[SourceVersionDate "2023.10.10"]
[SourceQuality "1"]
[WhiteTeam "Lunds"]
[BlackTeam "Limhamn"]
[WhiteTeamCountry "SWE"]
[BlackTeamCountry "SWE"]

1. e4 d6 2. d4 Nf6 3. Nc3 g6 4. Be3 c6 5. Qd2 Nbd7 6. Nf3 Bg7 7. Bh6 0-0 8. h4 Bxh6 9. Qxh6 Ng4 10. Qd2 h5 11. Ng5 e5 12. f3 Ngf6 13. 0-0-0 Qe7 14. Be2 Nb6 15. Rdg1 d5 16. dxe5 Qxe5 17. f4 Qe7 18. e5 Ng4 19. Nd1 f6 20. exf6 Qxf6 21. g3 Re8 22. Re1 Bf5 23. Bd3 Bxd3 24. cxd3 Nh6 25. Nf3 Nd7 26. d4 Qg7 27. Ne5 Nxe5 28. dxe5 Qf7 1/2-1/2

[Event "SWE-ch blitz"]
[Site "Helsingborg"]
[Date "2021.11.14"]
[Round "7"]
[White "Khalat, Havras"]
[Black "Mauritsson, Sebastian"]
[Result "1-0"]
[WhiteElo "1793"]
[BlackElo "2390"]
[PlyCount "97"]
[EventDate "2021.11.14"]
[EventType "swiss (blitz)"]
[EventRounds "13"]
[EventCountry "SWE"]
[SourceTitle "EXT 2024"]
[Source "ChessBase"]
[SourceDate "2023.10.10"]
[SourceVersion "1"]
[SourceVersionDate "2023.10.10"]
[SourceQuality "1"]

1. d4 d5 2. Nf3 Nf6 3. e3 c6 4. c4 Bg4 5. cxd5 Bxf3 6. Qxf3 cxd5 7. Bd3 Nc6 8. 0-0 e6 9. Nc3 Bd6 10. a3 0-0 11. b4 Rc8 12. Bb2 Bb8 13. Rac1 Qd6 14. g3 g6 15. Qxf6 Ne7 16. Nb5 Qd7 17. Rxc8 Nxc8 18. Rc1 a6 19. Nc3 Nd6 20. Ne2 Nf5 21. Bxf5 gxf5 22. Nf4 Bxf4 23. gxf4 Rc8 24. Rf1 Rc2 25. Ba1 Qb5 26. Qg5+ Kh8 27. Qf6+ Kg8 28. Kg2 Qe2 29. Qd8+ Kg7 30. Qg5+ Kh8 31. Qf6+ Kg8 32. Qg5+ Kh8 33. Qh4 Qxe3 34. Qg3 Qxg3+ 35. hxg3 Ra2 36. Rc1 Rxa3 37. Bb2 Rb3 38. Rc8+ Kg7 39. Bc1 Rxb4 40. Ba3 Rb3 41. Bf8+ Kg6 42. Bd6 a5 43. Be5 a4 44. Rg8+ Kh6 45. Bg7+ Kh5 46. Bf6 h6 47. f3 a3 48. g4+ fxg4 49. fxg4# 1-0

[Event "SWE-ch blitz"]
[Site "Helsingborg"]
[Date "2021.11.14"]
[Round "1"]
[White "Terochin, Piotr"]
[Black "Mauritsson, Sebastian"]
[Result "1/2-1/2"]
[WhiteElo "1779"]
[BlackElo "2390"]
[PlyCount "57"]
[EventDate "2021.11.14"]
[EventType "swiss (blitz)"]
[EventRounds "13"]
[EventCountry "SWE"]
[SourceTitle "EXT 2024"]
[Source "ChessBase"]
[SourceDate "2023.10.10"]
[SourceVersion "1"]
[SourceVersionDate "2023.10.10"]
[SourceQuality "1"]

1. e4 c5 2. c3 d5 3. exd5 Nf6 4. d4 cxd4 5. cxd4 Nxd5 6. Nc3 g6 7. Bc4 Nxc3 8. bxc3 Bg7 9. Nf3 0-0 10. 0-0 Qc7 11. Qe2 Bg4 12. Bb3 Qxc3 13. Be3 Nc6 14. Rac1 Bxf3 15. Qxf3 Nxd4 16. Qd1 Qb2 17. Rb1 Ne2+ 18. Kh1 Nc3 19. Rxb2 Nxd1 20. Rd2 Nxe3 21. fxe3 Rad8 22. Rxd8 Rxd8 23. Rxf7 Kh8 24. Rxe7 Bf6 25. Rxb7 Bg5 26. e4 Be3 27. g3 Rc8 28. Kg2 Rf8 29. Bd5 1/2-1/2

[Event "SWE-chT Group 4 Qualifier"]
[Site "Lund"]
[Date "2021.10.01"]
[Round "1.4"]
[White "Mauritsson, Sebastian"]
[Black "Lindgren, Philip"]
[Result "1/2-1/2"]
[WhiteElo "2407"]
[BlackElo "2353"]
[PlyCount "145"]
[EventDate "2021.10.01"]
[EventType "team-tourn"]
[EventRounds "3"]
[EventCountry "SWE"]
[SourceTitle "CBM 204 Extra"]
[Source "ChessBase"]
[SourceDate "2021.11.30"]
[SourceVersion "1"]
[SourceVersionDate "2021.11.30"]
[SourceQuality "1"]
[WhiteTeam "Lunds"]
[BlackTeam "Limhamn"]
[WhiteTeamCountry "SWE"]
[BlackTeamCountry "SWE"]

1. e4 c5 2. Nf3 d6 3. d4 cxd4 4. Nxd4 Nf6 5. Nc3 a6 6. Bc4 e6 7. 0-0 Be7 8. Bb3 0-0 9. f4 Nc6 10. Be3 Qc7 11. f5 Nxd4 12. Bxd4 b5 13. a3 Bd7 14. fxe6 fxe6 15. Qe2 Kh8 16. Rae1 Rae8 17. Kh1 e5 18. Be3 h6 19. Nd5 Nxd5 20. Bxd5 Bc6 21. Bf7 Rc8 22. Bg6 Be8 23. Bf5 Bd7 24. Bxd7 Qxd7 25. c3 Rc4 26. Bd2 Rxf1+ 27. Qxf1 Qe6 28. Qf3 Kh7 29. h3 Kg8 30. Qg3 Kh7 31. Kh2 Bf6 32. Qf3 Qd7 33. Qh5 Qe6 34. Bc1 Rc7 35. Rf1 Rc4 36. Re1 Qd7 37. Bd2 Qe6 38. Bc1 Kg8 39. Qg6 Qf7 40. Qxf7+ Kxf7 41. Kg3 d5 42. Kf3 d4 43. Bd2 Ke6 44. b3 Rc8 45. Rc1 Bg5 46. Bxg5 hxg5 47. Ke2 a5 48. Kd2 Rd8 49. cxd4 Rxd4+ 50. Ke3 b4 51. a4 g4 52. hxg4 Kf6 53. Rc6+ Kg5 54. Rc5 Rd1 55. Rxe5+ Kxg4 56. Rxa5 Rb1 57. Kd4 Rxb3 58. Rb5 Rb2 59. a5 Rxg2 60. Rxb4 Ra2 61. Rb5 g5 62. Ke5 Kh3 63. Kf6 g4 64. e5 Rf2+ 65. Ke7 g3 66. e6 g2 67. Rg5 Rf1 68. Kd7 Rd1+ 69. Kc7 Rc1+ 70. Kd7 Rd1+ 71. Kc7 Rc1+ 72. Kd7 Rd1+ 73. Kc7 1/2-1/2

[Event "SWE-chT 1920 Elite"]
[Site "Sweden"]
[Date "2020.10.17"]
[Round "8.1"]
[White "Mauritsson, Sebastian"]
[Black "Bellon Lopez, Juan Manuel"]
[Result "1-0"]
[WhiteElo "2339"]
[BlackElo "2337"]
[PlyCount "117"]
[EventDate "2019.10.18"]
[EventType "team-tourn"]
[EventRounds "9"]
[EventCountry "SWE"]
[SourceTitle "EXT 2022"]
[Source "ChessBase"]
[SourceDate "2021.10.06"]
[SourceVersion "1"]
[SourceVersionDate "2021.10.06"]
[SourceQuality "1"]
[WhiteTeam "Lunds"]
[BlackTeam "Wasa"]
[WhiteTeamCountry "SWE"]
[BlackTeamCountry "SWE"]

1. e4 c5 2. Nf3 e6 3. d4 cxd4 4. Nxd4 Nf6 5. Nc3 Nc6 6. Ndb5 Bc5 7. Bf4 0-0 8. Bc7 Qe7 9. Bd6 Bxd6 10. Qxd6 Qd8 11. Nc7 Rb8 12. Be2 a6 13. a4 Qe7 14. Qxe7 Nxe7 15. e5 Ne8 16. Nxe8 Rxe8 17. f4 d5 18. exd6 Nd5 19. Nxd5 exd5 20. Kf2 Bf5 21. Rhd1 Bxc2 22. Rxd5 Bb3 23. Rd4 Red8 24. Rc1 Be6 25. Rc7 Kf8 26. Bf3 Rd7 27. Rxd7 Bxd7 28. Rb4 b5 29. a5 Ke8 30. Re4+ Kf8 31. Rb4 Ke8 32. Ke3 Kd8 33. Kd4 Be6 34. Kc5 Bc4 35. b3 Be6 36. Bc6 f5 37. Rd4 Bxb3 38. Rd3 Bc2 39. Rg3 g6 40. Rh3 h5 41. Rg3 Be4 42. Rxg6 Bxc6 43. Kxc6 Rc8+ 44. Kb7 Rc1 45. Kxa6 b4 46. Rg8+ Kd7 47. Rb8 Rc4 48. Rb6 Rc6 49. Ka7 Kxd6 50. Rxb4 Rc2 51. Kb7 Kc5 52. Rb6 Rxg2 53. Rc6+ Kd5 54. a6 Ra2 55. Rh6 Ke4 56. a7 Kxf4 57. Ra6 Rb2+ 58. Kc7 Rc2+ 59. Kd7 1-0

[Event "SWE-chT 1920 Elite"]
[Site "Sweden"]
[Date "2020.02.02"]
[Round "6.1"]
[White "Rothen, Hakan Nils Karl"]
[Black "Mauritsson, Sebastian"]
[Result "0-1"]
[WhiteElo "2251"]
[BlackElo "2339"]
[PlyCount "88"]
[EventDate "2019.10.18"]
[EventType "team-tourn"]
[EventRounds "9"]
[EventCountry "SWE"]
[SourceTitle "CBM 194 Extra"]
[Source "ChessBase"]
[SourceDate "2020.03.31"]
[SourceVersion "1"]
[SourceVersionDate "2020.03.31"]
[SourceQuality "1"]
[WhiteTeam "Eksjo"]
[BlackTeam "Lunds"]
[WhiteTeamCountry "SWE"]
[BlackTeamCountry "SWE"]

1. d4 d5 2. Nf3 Nf6 3. Bf4 c5 4. e3 Nc6 5. c3 cxd4 6. exd4 Bf5 7. Bd3 Bxd3 8. Qxd3 e6 9. Nbd2 Bd6 10. Bxd6 Qxd6 11. 0-0 0-0 12. Rae1 Nd7 13. Ng5 Nf6 14. f4 Ne7 15. g3 Qb6 16. b3 Rac8 17. Ngf3 Rc7 18. Ne5 Rfc8 19. c4 dxc4 20. Ndxc4 Qa6 21. a4 Rd8 22. g4 Nc6 23. Nxc6 Qxc6 24. g5 Nd5 25. Rd1 Ne7 26. Rfe1 Ng6 27. Ne5 Qc3 28. Nxg6 hxg6 29. Re3 Qc6 30. Qd2 Qd5 31. Qg2 Qf5 32. Qf3 Rcd7 33. Red3 Rc7 34. Re3 Qc2 35. Red3 Rd5 36. R3d2 Qf5 37. Kg2 Rd8 38. h3 Rdc8 39. d5 Rc3 40. Rd3 Rc2+ 41. Kg3 e5 42. Re1 exf4+ 43. Kh4 f6 44. Rg1 Kf7 0-1

[Event "SWE-chT 1920 Elite"]
[Site "Sweden"]
[Date "2019.10.19"]
[Round "2.4"]
[White "Ong, Kezli"]
[Black "Mauritsson, Sebastian"]
[Result "0-1"]
[WhiteElo "2314"]
[BlackElo "2339"]
[PlyCount "203"]
[EventDate "2019.10.18"]
[EventType "team-tourn"]
[EventRounds "9"]
[EventCountry "SWE"]
[SourceTitle "CBM 192 Extra"]
[Source "Chessbase"]
[SourceDate "2019.11.06"]
[SourceVersion "1"]
[SourceVersionDate "2019.11.06"]
[SourceQuality "1"]
[WhiteTeam "Farsta"]
[BlackTeam "Lunds"]
[WhiteTeamCountry "SWE"]
[BlackTeamCountry "SWE"]

1. e4 c5 2. Nf3 d6 3. Bb5+ Nd7 4. 0-0 a6 5. Bd3 Ngf6 6. c3 b5 7. Bc2 c4 8. d4 cxd3 9. Qxd3 e6 10. Bf4 e5 11. Bg3 Be7 12. Nbd2 0-0 13. Qe2 Bb7 14. a4 Qb6 15. b4 Rac8 16. Ra3 Rfe8 17. axb5 axb5 18. Bd3 Bc6 19. Rfa1 Bf8 20. Ra6 Qb7 21. Ra7 Qb6 22. R1a6 Qd8 23. Bxb5 Bxb5 24. Qxb5 Rxc3 25. h3 Qc8 26. Kh2 Rc1 27. Qa4 Qc2 28. Qxc2 Rxc2 29. Rb7 d5 30. Nb3 dxe4 31. Nfd2 Rb8 32. Rxb8 Nxb8 33. Ra8 Nfd7 34. Nxe4 Rc4 35. Nec5 Rxb4 36. Nxd7 Nxd7 37. Nc1 f6 38. Rd8 Rb7 39. f3 Kf7 40. Ne2 Bc5 41. Nc3 Bb6 42. Rc8 f5 43. Nb5 Bc5 44. Nc3 Bd4 45. Ne2 Be3 46. Nc3 Bd4 47. Ne2 Bb6 48. Rc6 Rc7 49. Rd6 Bc5 50. Ra6 Rb7 51. Rc6 Rb2 52. Nc3 Rb6 53. Rc7 Ke6 54. Na4 Rb5 55. Bxe5 Kxe5 56. Rxd7 Bd4 57. Rc7 Kd6 58. Rc1 Rb3 59. Rc2 Kd5 60. Rc8 Ra3 61. Rd8+ Kc4 62. Rc8+ Kb4 63. Rf8 Be5+ 64. g3 Ra2+ 65. Kg1 Rxa4 66. Rxf5 Bd4+ 67. Kf1 Kc3 68. Rb5 Ra1+ 69. Ke2 Ra2+ 70. Ke1 Rh2 71. h4 h6 72. h5 Bf2+ 73. Ke2 Bxg3+ 74. Ke3 Kc4 75. Rf5 Rh4 76. f4 Be1 77. Ke4 Bc3 78. Ke3 Rh1 79. Ke4 Re1+ 80. Kf3 Bf6 81. Ra5 Ra1 82. Rf5 Kd4 83. Rb5 Rc1 84. Rb4+ Rc4 85. Rb6 Kd5 86. Ra6 Rc6 87. Ra5+ Ke6 88. Kg4 Bc3 89. Rb5 Bd4 90. Ra5 Bc5 91. Ra4 Bd6 92. Rd4 Rb6 93. Re4+ Kf6 94. Rd4 Be7 95. Rc4 Rd6 96. Ra4 Rd1 97. Ra5 Rg1+ 98. Kf3 Bd6 99. Ra6 Ke6 100. Kf2 Rg4 101. Ke3 Rh4 102. Ra5 0-1

[Event "GER GM08-B email"]
[Site "GER email"]
[Date "2019.06.19"]
[Round "?"]
[White "Gaehler, Sebastian"]
[Black "Mauritsson, Sebastian"]
[Result "1/2-1/2"]
[WhiteElo "2520"]
[BlackElo "2507"]
[PlyCount "72"]
[EventDate "2019.??.??"]
[EventType "tourn (corr)"]
[EventRounds "13"]
[EventCountry "GER"]
[SourceTitle "Corr 2022"]
[Source "ChessBase"]
[SourceDate "2021.10.24"]
[SourceVersion "1"]
[SourceVersionDate "2021.10.24"]
[SourceQuality "1"]

1. e4 c5 2. Nf3 d6 3. Bb5+ Bd7 4. Bxd7+ Qxd7 5. c4 Nc6 6. Nc3 g6 7. d4 cxd4 8. Nxd4 Bg7 9. Be3 Nf6 10. f3 0-0 11. 0-0 a6 12. Qd3 Ne5 13. Qe2 Rac8 14. b3 b5 15. Nd5 Nxd5 16. cxd5 e6 17. dxe6 fxe6 18. Rad1 Nc6 19. Qf2 Rfd8 20. Ne2 d5 21. Bb6 Re8 22. Rd2 Ne7 23. Rfd1 Qc6 24. Bd4 e5 25. exd5 Nxd5 26. Bb2 Nf6 27. Ng3 Bf8 28. Kh1 e4 29. Qd4 Red8 30. Qxd8 Rxd8 31. Rxd8 exf3 32. gxf3 Qxf3+ 33. Kg1 Qe3+ 34. Kg2 Nh5 35. Nxh5 Qe2+ 36. Kg1 Qe3+ 1/2-1/2

[Event "GER GM08-B email"]
[Site "GER email"]
[Date "2019.06.19"]
[Round "?"]
[White "Mauritsson, Sebastian"]
[Black "Dunlop, Gordon"]
[Result "1/2-1/2"]
[WhiteElo "2507"]
[BlackElo "2536"]
[PlyCount "75"]
[EventDate "2019.??.??"]
[EventType "tourn (corr)"]
[EventRounds "13"]
[EventCountry "GER"]
[SourceTitle "Corr 2022"]
[Source "ChessBase"]
[SourceDate "2021.10.24"]
[SourceVersion "1"]
[SourceVersionDate "2021.10.24"]
[SourceQuality "1"]

1. e4 e5 2. Nf3 Nf6 3. Nxe5 d6 4. Nf3 Nxe4 5. Nc3 Nxc3 6. dxc3 Be7 7. Bf4 0-0 8. Qd2 Nd7 9. 0-0-0 Nc5 10. Bc4 Be6 11. Bxe6 Nxe6 12. Be3 Qd7 13. h4 a5 14. Qd5 c6 15. Qf5 Rad8 16. c4 a4 17. a3 Nc5 18. Qf4 d5 19. Kb1 b5 20. cxd5 cxd5 21. Nd4 Ne6 22. Qg4 Nxd4 23. Qxd7 Rxd7 24. Bxd4 f6 25. Rh3 Rc8 26. Rhd3 Kf7 27. h5 Ke6 28. Re3+ Kf7 29. Red3 Ke6 30. Rf3 Bc5 31. Re3+ Kd6 32. Bxc5+ Rxc5 33. h6 f5 34. Re8 Rcc7 35. hxg7 Rxg7 36. g3 Rge7 37. Rd8+ Rcd7 38. Rb8 1/2-1/2

[Event "GER GM08-B email"]
[Site "GER email"]
[Date "2019.06.19"]
[Round "?"]
[White "Mauritsson, Sebastian"]
[Black "Habermehl, Tobias"]
[Result "1/2-1/2"]
[WhiteElo "2507"]
[BlackElo "2502"]
[PlyCount "77"]
[EventDate "2019.??.??"]
[EventType "tourn (corr)"]
[EventRounds "13"]
[EventCountry "GER"]
[SourceTitle "Corr 2022"]
[Source "ChessBase"]
[SourceDate "2021.10.24"]
[SourceVersion "1"]
[SourceVersionDate "2021.10.24"]
[SourceQuality "1"]

1. d4 Nf6 2. c4 e6 3. Nf3 d5 4. e3 b6 5. Nc3 Bd6 6. b3 0-0 7. Bb2 Bb7 8. Bd3 Nbd7 9. 0-0 a6 10. a4 c5 11. cxd5 exd5 12. Rc1 Re8 13. Ne2 Qe7 14. Nf4 Rac8 15. h3 g6 16. Qd2 Qf8 17. Rfe1 Bb8 18. Red1 Qh6 19. Nh2 g5 20. Ne2 g4 21. Nf4 c4 22. bxc4 Bxf4 23. exf4 gxh3 24. g3 dxc4 25. Rxc4 Rxc4 26. Bxc4 Nd5 27. Re1 Rxe1+ 28. Qxe1 Qc6 29. Qe8+ Kg7 30. Bb3 b5 31. a5 Qg6 32. Qxd7 Qb1+ 33. Nf1 h2+ 34. Kxh2 Qxb2 35. Bxd5 Qxf2+ 36. Kh3 Qxf1+ 37. Kh4 Bxd5 38. Qxd5 h6 39. Qe5+ 1/2-1/2

[Event "GER GM08-B email"]
[Site "GER email"]
[Date "2019.06.19"]
[Round "?"]
[White "Mauritsson, Sebastian"]
[Black "Pierzak, Rafael"]
[Result "1/2-1/2"]
[WhiteElo "2507"]
[BlackElo "2522"]
[PlyCount "54"]
[EventDate "2019.??.??"]
[EventType "tourn (corr)"]
[EventRounds "13"]
[EventCountry "GER"]
[SourceTitle "Corr 2022"]
[Source "ChessBase"]
[SourceDate "2021.10.24"]
[SourceVersion "1"]
[SourceVersionDate "2021.10.24"]
[SourceQuality "1"]

1. e4 c5 2. Nf3 Nc6 3. d4 cxd4 4. Nxd4 Nf6 5. Nc3 e5 6. Ndb5 d6 7. Nd5 Nxd5 8. exd5 Nb8 9. a4 Be7 10. Be2 0-0 11. 0-0 f5 12. f4 a6 13. Na3 Nd7 14. Nc4 b6 15. b3 Qc7 16. Kh1 Rb8 17. fxe5 Nxe5 18. Bb2 Nxc4 19. Bxc4 Bf6 20. Bxf6 Rxf6 21. Qd4 a5 22. Rae1 Bd7 23. Re7 Kf8 24. Rfe1 Re8 25. Qe3 Qd8 26. Rxe8+ Bxe8 27. Bb5 Bf7 1/2-1/2

[Event "GER GM08-B email"]
[Site "GER email"]
[Date "2019.06.19"]
[Round "?"]
[White "Tashkov, Rumen"]
[Black "Mauritsson, Sebastian"]
[Result "1/2-1/2"]
[WhiteElo "2511"]
[BlackElo "2507"]
[PlyCount "37"]
[EventDate "2019.??.??"]
[EventType "tourn (corr)"]
[EventRounds "13"]
[EventCountry "GER"]
[SourceTitle "Corr 2022"]
[Source "ChessBase"]
[SourceDate "2021.10.24"]
[SourceVersion "1"]
[SourceVersionDate "2021.10.24"]
[SourceQuality "1"]

1. Nf3 d5 2. c4 c6 3. e3 Nf6 4. Nc3 e6 5. Qc2 Bd6 6. b3 0-0 7. d4 Nbd7 8. Be2 b6 9. 0-0 Bb7 10. Bb2 Qe7 11. Rfe1 Rfe8 12. Rad1 Rad8 13. e4 Nxe4 14. Nxe4 dxe4 15. Qxe4 Bb4 16. Rf1 Bd6 17. Rfe1 Bb4 18. Rf1 Bd6 19. Rfe1 1/2-1/2

[Event "SWE-chT 1819 Elite"]
[Site "Sweden"]
[Date "2018.11.09"]
[Round "1.1"]
[White "Mauritsson, Sebastian"]
[Black "Kassani, Sam"]
[Result "1/2-1/2"]
[WhiteElo "2315"]
[BlackElo "2213"]
[PlyCount "100"]
[EventDate "2018.11.09"]
[EventType "team-tourn"]
[EventRounds "9"]
[EventCountry "SWE"]
[SourceTitle "CBM 189 Extra"]
[Source "ChessBase"]
[SourceDate "2019.06.03"]
[SourceVersion "1"]
[SourceVersionDate "2019.06.03"]
[SourceQuality "1"]
[WhiteTeam "Lunds"]
[BlackTeam "Stockholm CC"]
[WhiteTeamCountry "SWE"]
[BlackTeamCountry "SWE"]

1. e4 c6 2. d4 d5 3. Nc3 dxe4 4. Nxe4 Bf5 5. Ng3 Bg6 6. h4 h6 7. Nf3 Nd7 8. h5 Bh7 9. Bd3 Bxd3 10. Qxd3 e6 11. Bd2 Ngf6 12. 0-0-0 Be7 13. Kb1 0-0 14. Ne4 Nxe4 15. Qxe4 Nf6 16. Qe2 Qd5 17. Ne5 Qe4 18. Qxe4 Nxe4 19. Be3 Rfd8 20. g4 c5 21. f3 cxd4 22. Bxd4 Bc5 23. Bxc5 Nxc5 24. c3 Kf8 25. Kc2 Ke7 26. b4 Nd7 27. Nc4 Rac8 28. Nd6 Rc6 29. Nxb7 Rdc8 30. Rd3 Rb6 31. Nc5 Nxc5 32. bxc5 Rxc5 33. Rb1 Rxb1 34. Kxb1 g6 35. Kc2 gxh5 36. gxh5 Rxh5 37. c4 Rc5 38. Kc3 h5 39. Kb4 Rc8 40. c5 h4 41. Rd4 Rb8+ 42. Ka5 Rh8 43. Ka6 h3 44. Rd1 h2 45. Rh1 Kd7 46. Kb7 Rh5 47. c6+ Kd6 48. c7 Rb5+ 49. Kc8 Rc5 50. Kd8 Rxc7 1/2-1/2

[Event "SWE-chT 1718 Elite"]
[Site "Sweden"]
[Date "2018.03.17"]
[Round "8.4"]
[White "Mauritsson, Sebastian"]
[Black "Cramling, Dan"]
[Result "1-0"]
[WhiteElo "2331"]
[BlackElo "2383"]
[PlyCount "95"]
[EventDate "2017.10.20"]
[EventType "team-tourn"]
[EventRounds "9"]
[EventCountry "SWE"]
[SourceTitle "EXT 2019"]
[Source "ChessBase"]
[SourceDate "2018.10.10"]
[SourceVersion "1"]
[SourceVersionDate "2018.10.10"]
[SourceQuality "1"]
[WhiteTeam "Lunds"]
[BlackTeam "Viking Team"]
[WhiteTeamCountry "SWE"]
[BlackTeamCountry "SWE"]

1. e4 d6 2. d4 Nf6 3. Nc3 g6 4. Be3 c6 5. f3 Nbd7 6. Qd2 b5 7. g4 Nb6 8. h4 h5 9. g5 Nfd7 10. d5 Ne5 11. dxc6 Nbc4 12. c7 Qxc7 13. Nd5 Qb7 14. Bxc4 Nxc4 15. Qc3 Rg8 16. Bd4 Be6 17. 0-0-0 Rc8 18. Qb3 Na5 19. Qe3 Bxd5 20. exd5 Qxd5 21. b3 Qf5 22. Rh2 Nc6 23. Ne2 Nb4 24. Nc3 e5 25. Re2 Bg7 26. a3 Nc6 27. Nxb5 Qe6 28. Bxa7 d5 29. Bc5 Bf8 30. Bxf8 Kxf8 31. Qc5+ Ne7 32. Qd6 Qxd6 33. Nxd6 Rd8 34. Ne4 Nf5 35. Nf6 Rh8 36. Rxe5 Nxh4 37. Rdxd5 Rxd5 38. Rxd5 Nxf3 39. Rd8+ Kg7 40. Rxh8 Nxg5 41. Rg8+ Kxf6 42. a4 Ne6 43. a5 g5 44. a6 g4 45. a7 Nc7 46. Kd2 Kf5 47. Ke3 h4 48. Rc8 1-0

[Event "SWE-chT 1718 Elite"]
[Site "Sweden"]
[Date "2018.02.03"]
[Round "5"]
[White "Vernersson, Per"]
[Black "Mauritsson, Sebastian"]
[Result "1-0"]
[WhiteElo "2278"]
[BlackElo "2331"]
[PlyCount "115"]
[EventDate "2017.10.20"]
[EventType "team-tourn"]
[EventRounds "9"]
[EventCountry "SWE"]
[SourceTitle "EXT 2019"]
[Source "ChessBase"]
[SourceDate "2018.10.10"]
[SourceVersion "1"]
[SourceVersionDate "2018.10.10"]
[SourceQuality "1"]
[WhiteTeam "Eksjo"]
[BlackTeam "Lunds"]
[WhiteTeamCountry "SWE"]
[BlackTeamCountry "SWE"]

1. d4 Nf6 2. c4 g6 3. Nc3 Bg7 4. e4 d6 5. Be2 0-0 6. Nf3 e5 7. 0-0 exd4 8. Nxd4 Re8 9. f3 Nc6 10. Be3 Nh5 11. Qd2 Nf4 12. Bxf4 Nxd4 13. Bg5 Nxe2+ 14. Nxe2 f6 15. Bh4 Be6 16. Rac1 Qd7 17. Rfe1 Qf7 18. b3 f5 19. exf5 Bxf5 20. Nc3 h6 21. Bf2 b6 22. Bd4 Bd7 23. Bxg7 Qxg7 24. Qd5+ Kh7 25. Qd2 Bc6 26. Nd5 Rxe1+ 27. Rxe1 Re8 28. Rxe8 Bxe8 29. Qf4 g5 30. Qf5+ Kh8 31. Nf6 Qe7 32. Kf2 Kg7 33. Nd5 Qd8 34. Qe4 Bc6 35. Qd4+ Kf7 36. Qd3 Bxd5 37. Qh7+ Ke8 38. Qh8+ Ke7 39. Qxd8+ Kxd8 40. cxd5 Ke7 41. Ke3 Kf6 42. Ke4 h5 43. g3 Kg6 44. h3 Kf6 45. g4 hxg4 46. hxg4 Kg6 47. f4 Kf6 48. fxg5+ Kxg5 49. Kf3 Kg6 50. Kf4 Kf6 51. g5+ Kg6 52. Kg4 Kg7 53. Kf5 Kf7 54. g6+ Kg7 55. Kg5 Kg8 56. Kf6 Kf8 57. g7+ Kg8 58. Kg6 1-0

[Event "SWE-chT 1718 Elite"]
[Site "Sweden"]
[Date "2017.10.22"]
[Round "3.2"]
[White "Andersson, Fredrik1111"]
[Black "Mauritsson, Sebastian"]
[Result "1/2-1/2"]
[WhiteElo "2286"]
[BlackElo "2331"]
[PlyCount "46"]
[EventDate "2017.10.20"]
[EventType "team-tourn"]
[EventRounds "9"]
[EventCountry "SWE"]
[SourceTitle "CBM 181 Extra"]
[Source "ChessBase"]
[SourceDate "2017.12.12"]
[SourceVersion "1"]
[SourceVersionDate "2017.12.12"]
[SourceQuality "1"]
[WhiteTeam "Kungstornet"]
[BlackTeam "Lunds"]
[WhiteTeamCountry "SWE"]
[BlackTeamCountry "SWE"]

1. d4 Nf6 2. c4 g6 3. Nc3 Bg7 4. e4 d6 5. Nf3 0-0 6. Be2 e5 7. 0-0 exd4 8. Nxd4 Re8 9. f3 Nc6 10. Be3 Nh5 11. Nxc6 bxc6 12. Qd2 c5 13. Rad1 Bb7 14. g4 Nf6 15. Bg5 Qc8 16. Nd5 Bxd5 17. cxd5 Qb7 18. Rb1 Nd7 19. Kg2 Rab8 20. b3 Rf8 21. Be7 Rfe8 22. Bg5 Rf8 23. Be7 Rfe8 1/2-1/2